Legal research, analysis, and writing (Record no. 51595)
[ view plain ]
| 000 -LEADER | |
|---|---|
| fixed length control field | 01648cam a2200361 i 4500 |
| 001 - CONTROL NUMBER | |
| control field | 19567414 |
| 005 - DATE AND TIME OF LATEST TRANSACTION | |
| control field | 20250217133630.0 |
| 008 - FIXED-LENGTH DATA ELEMENTS--GENERAL INFORMATION | |
| fixed length control field | 170322s2018 nyua b 001 0 eng |
| 010 ## - LIBRARY OF CONGRESS CONTROL NUMBER | |
| LC control number | 2017937615 |
| 020 ## - INTERNATIONAL STANDARD BOOK NUMBER | |
| International Standard Book Number | 9781305948372 (paperback) |
| 020 ## - INTERNATIONAL STANDARD BOOK NUMBER | |
| International Standard Book Number | 9781337414159 (looseleaf) |
| 040 ## - CATALOGING SOURCE | |
| Original cataloging agency | DLC |
| Language of cataloging | eng |
| Description conventions | rda |
| Transcribing agency | DLC |
| 042 ## - AUTHENTICATION CODE | |
| Authentication code | pcc |
| 043 ## - GEOGRAPHIC AREA CODE | |
| Geographic area code | n-us--- |
| 100 1# - MAIN ENTRY--PERSONAL NAME | |
| Personal name | Putman, William H., |
| Relator term | author. |
| 245 10 - TITLE STATEMENT | |
| Title | Legal research, analysis, and writing |
| Medium | [electronic resource] / |
| Statement of responsibility, etc | William H. Putman, Jennifer R. Albright. |
| 246 3# - VARYING FORM OF TITLE | |
| Title proper/short title | Legal research, analysis, and writing |
| 250 ## - EDITION STATEMENT | |
| Edition statement | Fourth edition. |
| 260 ## - PUBLICATION, DISTRIBUTION, ETC. (IMPRINT) | |
| Place of publication, distribution, etc | Boston, MA : |
| Name of publisher, distributor, etc | Cengage Learning, |
| Date of publication, distribution, etc | c2018. |
| 300 ## - PHYSICAL DESCRIPTION | |
| Extent | xxii, 1636 pages : |
| Other physical details | illustrations, map ; |
| Dimensions | 28 cm |
| 336 ## - CONTENT TYPE | |
| Content Type Term | text |
| Content Type Code | txt |
| Source | rdacontent |
| 337 ## - MEDIA TYPE | |
| Media Type Term | computer |
| Media Type Code | n |
| Source | rdamedia |
| 338 ## - CARRIER TYPE | |
| Carrier Type Term | online resource |
| Carrier Type Code | nc |
| Source | rdacarrier |
| 504 ## - BIBLIOGRAPHY, ETC. NOTE | |
| Bibliography, etc | Includes bibliographical references and index. |
| 505 ## - FORMATTED CONTENTS NOTE | |
| Formatted contents note | Introduction to research, analytical principles, and the legal process<br/>Legal research<br/>The specifics of legal analysis<br/>Legal writing<br/>Appendix A: Court opinions referred to in the text<br/>Appendix B: Appellate Court brief<br/>Glossary<br/>Index |
| 650 #0 - SUBJECT ADDED ENTRY--TOPICAL TERM | |
| Topical term or geographic name as entry element | Legal research |
| Geographic subdivision | United States. |
| 650 #0 - SUBJECT ADDED ENTRY--TOPICAL TERM | |
| Topical term or geographic name as entry element | Legal composition. |
| 655 ## - INDEX TERM--GENRE/FORM | |
| Genre/form data or focus term | Electronic books |
| 700 1# - ADDED ENTRY--PERSONAL NAME | |
| Personal name | Albright, Jennifer R., |
| Relator term | author. |
| 775 08 - OTHER EDITION ENTRY | |
| Display text | Revision of: |
| Main entry heading | Putman, William H. |
| Title | Legal research, analysis, and writing. |
| Edition | Third edition. |
| Place, publisher, and date of publication | Clifton Park, NY : Delmar Cengage Learning, [2014] |
| Record control number | (DLC) 2012940893. |
| International Standard Book Number | 9781133591900. |
| 856 ## - ELECTRONIC LOCATION AND ACCESS | |
| Uniform Resource Identifier | <a href="https://drive.google.com/file/d/1g6VrqvXf1-hFzOgQLOd746C_koRM2jaT/view?usp=drive_link">https://drive.google.com/file/d/1g6VrqvXf1-hFzOgQLOd746C_koRM2jaT/view?usp=drive_link</a> |
| 942 ## - ADDED ENTRY ELEMENTS (KOHA) | |
| Source of classification or shelving scheme | Library of Congress Classification |
| Item type | eBooks |
| Withdrawn status | Lost status | Source of classification or shelving scheme | Damaged status | Not for loan | Home library | Current library | Date acquired | Inventory number | Total Checkouts | Date last seen | Price effective from | Koha item type |
|---|---|---|---|---|---|---|---|---|---|---|---|---|
| Library of Congress Classification | BSOP Library | Digital Library | 05/10/2024 | eB-00702 | 05/10/2024 | 05/10/2024 | eBooks |
